00610nam a2200157 a 4500008004100000050001600041100002800057245004000085260004500125350000900170650001100179650001800190995009500208999001700303952013200320120416s1976 ||||||||||||||||| || u aHD 6832 Ayu aAyusawa, Iwao Frederick12aA history of labour in modern Japan aWestport, [Conn.]bGreenwood Pressc1976 a0.00 aLABOUR aLABOUR--JAPAN D0.00FCBU-MAIN LIBRARY (Kitwe)H1I0.00M1UAVAILABLEZMain Library Open Access Collection c45600d45600 00102lcc4070a001b001cMain Library Open Access Collectiond2022-11-30l0oHD 6832 Ayup003628r2022-11-30w2022-11-30y002